000 00580nam a2200193Ia 4500
003 GCL
008 140319s9999 xx 000 0 ara d
040 _aGCL /
_cGCL
082 0 4 _a625
_bح هـ
100 1 _aحسن محمد حميدة
245 1 0 _aهنسة السك الحديدية ج2 /
_cحسن محمد حميدة
700 1 _aمحمود توفيق سالم
260 _a[S.N] :
_bدار الراتب الجامعية ،
_c1986
300 _a351 ص
490 _a
650 0 4 _aالهندسة
650 0 4 _aهندسة السكك الحديدية
942 _2ddc
_cBK
999 _c54849
_d54849